Statistics for Countries That End in BIA

Click here to take the quiz!

General Stats

  • This quiz has been taken 76 times
  • The average score is 5 of 6

Answer Stats

Country% Correct
Zambia
89%
Colombia
86%
Namibia
86%
Gambia
84%
Serbia
67%
Saudi Arabia
50%

Score Distribution

Percentile by Number Answered

Percent of People with Each Score

Your Score History

You have not taken this quiz